Microsoft powerpoint 2016 step by step / (Record no. 99301)

MARC details
000 -LEADER
fixed length control field 00649nam a22002057a 4500
005 - DATE AND TIME OF LATEST TRANSACTION
control field 20160408114216.0
010 ## - LCCN (DPL NO)
LC control number ENG-115001
020 ## - INTERNATIONAL STANDARD BOOK NUMBER
International Standard Book Number 9788120352032
Terms of availability 595.00
035 ## - SYSTEM CONTROL NUMBER
System control number EN-98533
037 ## - SOURCE OF ACQUISITION
Source of stock number/acquisition DBAD/PUB
082 ## - DEWEY DECIMAL CLASSIFICATION NUMBER
Classification number 006.6869
100 ## - MAIN ENTRY--PERSONAL NAME
Personal name Lambert, Joan
245 ## - TITLE STATEMENT
Title Microsoft powerpoint 2016 step by step /
Statement of responsibility, etc by Joan Lambert
260 ## - PUBLICATION, DISTRIBUTION, ETC. (IMPRINT)
Place of publication, distribution, etc Delhi
Name of publisher, distributor, etc PHI Learning
Date of publication, distribution, etc 2016
270 ## - ADDRESS
Address Rimjhim House, 111, Patparganj Industrial Estate,
City Delhi
Postal code 110092
300 ## - PHYSICAL DESCRIPTION
Extent xvi,494p. :
Other physical details ill.
Dimensions 24cm(pbk)
490 ## - SERIES STATEMENT
Series statement Step by step
500 ## - GENERAL NOTE
General note Includes bibliographical references and index
942 ## - ADDED ENTRY ELEMENTS (KOHA)
Source of classification or shelving scheme Dewey Decimal Classification
Item type English Books
Call number suffix LAM
Classification part 006.6869
Holdings
Withdrawn status Lost status Not for loan Collection code Home library Current library Date acquired Source of acquisition Cost, normal purchase price Full call number Barcode Copy number Cost, replacement price Koha item type
    Not For Loan Non-fiction D.B.Act.Division D.B.Act.Division 24/02/2016 DBAD/PUB 595.00 006.6869 LAM EN-98533 1 595.00 English Books

© Delhi Public Library
Hit Counter
free hit counter